The JCT standard building contract 2011 (Record no. 115713)

MARC details
000 -LEADER
fixed length control field 01742cam a22002535a 4500
001 - CONTROL NUMBER
control field L159163
008 - FIXED-LENGTH DATA ELEMENTS--GENERAL INFORMATION
fixed length control field 070413s2014 xxk f 000 0 eng d
020 ## - INTERNATIONAL STANDARD BOOK NUMBER
International Standard Book Number 9781118819753
035 ## - SYSTEM CONTROL NUMBER
System control number (Sirsi) u159163
041 0# - LANGUAGE CODE
Language code of text/sound track or separate title eng
050 04 - LIBRARY OF CONGRESS CALL NUMBER
Classification number 692.8 $2 18
-- 343.4107869 $2 22
100 1# - MAIN ENTRY--PERSONAL NAME
Personal name Chappell, David
245 04 - TITLE STATEMENT
Title The JCT standard building contract 2011
Remainder of title An explanation and guide for busy practitioners and students
260 ## - PUBLICATION, DISTRIBUTION, ETC.
Place of publication, distribution, etc. London
Name of publisher, distributor, etc. John Wiley & Sons
Date of publication, distribution, etc. 2014
300 ## - PHYSICAL DESCRIPTION
Extent 350 p.
505 2# - FORMATTED CONTENTS NOTE
Formatted contents note Part I: Preliminaries -- Introduction -- Basic matters -- About the contract documents -- Related matters -- Part II: Participants -- The architect's powers and duties -- The contractor's powers and duties -- The employer's powers and duties -- Consultants -- The clerk of works -- Sub-contractors and suppliers -- Statutory authorities -- Part III: Work in progress -- Insurance -- Possession of the site -- Extension of time -- Liquidated damages -- Financial claims -- Architect's instructions -- Variations -- Payments -- Contractor's design -- Part IV: Closing stages -- Practical completion -- Defects liability -- Termination -- Part V: Intractable problems -- Dispute resolution procedures
520 ## - SUMMARY, ETC.
Summary, etc. Sets out what the standard building contract requires in various circumstances without assuming any particular legal or contractual expertise. It explains what is meant by a contract and why certain clauses, such as extension of time or liquidated damages are present and what they mean. Most chapters include a section dealing with common problems.
590 ## - LOCAL NOTE (RLIN)
Local note KA
650 24 - SUBJECT ADDED ENTRY--TOPICAL TERM
Topical term or geographic name entry element JCT STANDARD BUILDING CONTRACT (2011 EDITION)
651 #4 - SUBJECT ADDED ENTRY--GEOGRAPHIC NAME
Geographic name United Kingdom
Chronological subdivision
690 ## - LOCAL SUBJECT ADDED ENTRY--TOPICAL TERM (OCLC, RLIN)
Topical term or geographic name as entry element Contracts
9 (RLIN) 6232
942 ## - ADDED ENTRY ELEMENTS (KOHA)
Suppress in OPAC 0
Holdings
Withdrawn status Lost status Source of classification or shelving scheme Damaged status Not for loan Home library Current library Shelving location Date acquired Total Checkouts Full call number Barcode Date last seen Copy number Price effective from Koha item type
    Dewey Decimal Classification     London London Books 16/02/2016   692.8 CHA 30078853 06/08/2019 1 06/08/2019 Book